Tilastot visalle Turkin suurimmat kaupungit

Klikkaa tästä pelataksesi tätä visaa!

Yleistilastot

  • Tätä visaa on pelattu 187 kertaa
  • Keskiarvotulos 6 / 15

Vastaustilastot

VäkilukuKaupunki% Oikein
14 025 646Istanbul
97%
4 587 558Ankara
97%
2 847 691İzmir
64%
1 068 099Antalya
64%
1 800 278Bursa
38%
1 174 536Konya
34%
1 663 485Adana
32%
1 510 270Gaziantep
28%
915 703Mersin
27%
541 330Samsun
25%
904 699Kayseri
23%
685 135Eskişehir
23%
930 266Diyarbakir
18%
561 465Şanlıurfa
18%
557 300Denizli
17%

Tulosjakauma

Persentiili vastausten määrän mukaan

Jokaisen tuloksen saaneiden osuus

Tuloshistoriasi

Et ole pelannut tätä visaa